000 00791cam a2200217 4500
001 WB3605-35
008 000000n2000 000 0 eng u
035 _a(Sirsi) u103954
245 _aPoverty crusade estate to gain most from new deal
260 _c2000
490 _aPlanning (for the Natural and Built Environment)
_v(1353) 28 January 2000, 7(1)
520 _aThe Aylesbury council estate in South London which has been selected to launch government's drive against social exclusion will benefit from large injections of cash under the New Deal for Communities programme.
590 _aWB
650 _aNEW DEAL FOR COMMUNITIES
650 _aSOCIAL EXCLUSION
650 _aPOVERTY
650 _aGRANTS
650 _aCOUNCIL ESTATES
690 _aREGENERATION
942 _n0
999 _c62389
_d62389